Cada bandera europea - Muerte súbita - Estadísticas

Estadísticas generales
  • Esta prueba ha sido intentada 777 veces
  • La puntuación promedio es 28 de 45
Answers on the Grid
Answers color-coded by a green-red scale on the quiz's grid according to % correct below.
 
Estadísticas de respuestas
Respuesta % Correcto
Islandia
92%
Serbia
89%
Malta
83%
Rusia
82%
Ucrania
82%
Kosovo
74%
Francia
70%
Reino Unido
67%
Rumania
66%
Noruega
66%
Alemania
65%
Suecia
65%
España
65%
Dinamarca
64%
Eslovaquia
63%
Países Bajos
63%
Finlandia
63%
Portugal
63%
Grecia
62%
San Marino
62%
Suiza
62%
Andorra
62%
Letonia
61%
Luxemburgo
61%
Ciudad del Vaticano
61%
Croacia
61%
Bulgaria
60%
República Checa
60%
Mónaco
59%
Italia
59%
Austria
59%
Moldavia
59%
Eslovenia
59%
Hungría
58%
Estonia
58%
Bosnia y Herzegovina
58%
Polonia
57%
Macedonia del Norte
57%
Albania
57%
Bélgica
57%
Liechtenstein
56%
Lituania
53%
Montenegro
52%
Bielorrusia
49%
Irlanda
44%
No se encontraron pruebas coincidentes
Distribución de puntuación
Porcentaje de gente con cada puntuación
Porcentaje por número respondido
Historial de tus puntuaciones
No has intentado esta prueba.